| 000 | 01260cam a22003617a 4500 | ||
|---|---|---|---|
| 003 | CHAP | ||
| 005 | 20220329133143.0 | ||
| 008 | 971013s1991 r 00010 d | ||
| 010 | _a2766 | ||
| 011 | _a3738 | ||
| 035 | _a2939 | ||
| 040 | _cCHAP | ||
| 090 | _aTesis | ||
| 100 | 0 | 0 |
_aChong Eslava, Arturo. _922863 |
| 245 | 0 | _aEfecto de los reguladores de crecimiento alar, etefón y ácido naftalenacético sobre la calidad del manzano cultivar tropical Beauty | |
| 260 |
_aChapingo, Méx. : _bEl autor, _c1991 |
||
| 300 |
_a69 h. _b: ilus |
||
| 502 | _aTesis (Ing. Agr. Esp. en Fitotecnia) -- UACH. Departamento de Fitotecnia | ||
| 590 |
_aALEPH _b10 _c20130110 _lUCH01 _h1213 |
||
| 590 |
_aBATCH-UPD _b10 _c20130110 _lUCH01 _h1639 |
||
| 590 |
_aBATCH-UPD _b10 _c20130410 _lUCH01 _h1030 |
||
| 590 |
_aBATCH-UPD _b10 _c20130913 _lUCH01 _h1907 |
||
| 590 |
_aCONVERSION _b10 _c20130109 _lUCH01 _h1303 |
||
| 650 | 1 | 4 |
_aAcido cloroetilfosfonico 2. _9578 |
| 650 | 1 | 4 |
_aAcido naftalenacético. _9593 |
| 650 | 1 | 4 |
_aManzana _xCalidad. _970742 |
| 650 | 1 | 4 |
_aManzana _xCrecimiento. _970753 |
| 650 | 1 | 4 |
_aManzana _xRendimiento. _970802 |
| 650 | 1 | 4 |
_aPlantas _xCrecimiento _xAditivos. _988804 |
| 901 | _aBK | ||
| 942 | _cTESIS | ||
| 949 |
_bBC _cTES _d-12447 _eTS1 _h24714 _i2939 _si |
||
| 999 |
_c2766 _d2766 |
||